| 000 | 00936cab a2200277 4500 | ||
|---|---|---|---|
| 001 | WB3424-25 | ||
| 008 | 090401t1998 xxu||||| |||| 00| 0 eng d | ||
| 035 | _a(Sirsi) u86992 | ||
| 041 | _aeng | ||
| 245 | _afishponds plan that turned into a quarry | ||
| 260 | _c1998 | ||
| 350 | _a0 | ||
| 490 |
_aTimes _v22 June 1998, 10(1) |
||
| 520 | _aPlanning permission was granted for five fishponds but the site was found to contain prime sand and gravel deposits. Nearby residents in Harvington have found themselves next to a quarry instead of a fishpond and Worcester CC are considering an application for a permanent processing plant. | ||
| 650 | _aFISHPONDS | ||
| 650 | _aGRAVEL | ||
| 650 | _aHARVINGTON | ||
| 650 | _aPLANNING PERMISSION | ||
| 650 | _aQUARRYING | ||
| 650 | _aSAND AND GRAVEL QUARRY | ||
| 650 | _aSAND | ||
| 650 | _aWORCESTER CC | ||
| 690 | _aMINING AND MINERALS | ||
| 942 | _n0 | ||
| 948 | _c24/06/1998 | ||
| 999 |
_c54794 _d54794 |
||